Pollution control and your business (Record no. 101766)
[ view plain ]
| 000 -LEADER | |
|---|---|
| fixed length control field | 00973cam a2200229 4500 |
| 008 - FIXED-LENGTH DATA ELEMENTS--GENERAL INFORMATION | |
| fixed length control field | 011112n2001 000 0 eng u |
| 020 ## - INTERNATIONAL STANDARD BOOK NUMBER | |
| International Standard Book Number | 0117027014 |
| 035 ## - SYSTEM CONTROL NUMBER | |
| System control number | (Sirsi) u115565 |
| 050 ## - LIBRARY OF CONGRESS CALL NUMBER | |
| Classification number | 614.7026 |
| 100 ## - MAIN ENTRY--PERSONAL NAME | |
| Personal name | Wright, C. |
| 245 ## - TITLE STATEMENT | |
| Title | Pollution control and your business |
| 260 ## - PUBLICATION, DISTRIBUTION, ETC. | |
| Place of publication, distribution, etc. | London |
| Name of publisher, distributor, etc. | Stationery Office |
| Date of publication, distribution, etc. | 2001 |
| 300 ## - PHYSICAL DESCRIPTION | |
| Extent | xvi, 110p. ; 24cm. |
| 490 ## - SERIES STATEMENT | |
| Series statement | Stationery Office You Need This Book First Series |
| 520 ## - SUMMARY, ETC. | |
| Summary, etc. | Successive UK Governments have established a welter of legislation covering pollution in all its forms. Much of this regulation has practical application to small to medium sized businesses. This book examines each of these aspects of pollution and highlights relevant legislation and the practical issues that surround them. |
| 650 ## - SUBJECT ADDED ENTRY--TOPICAL TERM | |
| Topical term or geographic name entry element | POLLUTION CONTROL |
| 650 ## - SUBJECT ADDED ENTRY--TOPICAL TERM | |
| Topical term or geographic name entry element | WATER POLLUTION |
| 650 ## - SUBJECT ADDED ENTRY--TOPICAL TERM | |
| Topical term or geographic name entry element | ENVIRONMENTAL MANAGEMENT |
| 650 ## - SUBJECT ADDED ENTRY--TOPICAL TERM | |
| Topical term or geographic name entry element | WASTE MANAGEMENT |
| 690 ## - LOCAL SUBJECT ADDED ENTRY--TOPICAL TERM (OCLC, RLIN) | |
| Topical term or geographic name as entry element | ENVIRONMENTAL AND LAND CONSULTANCY |
| 942 ## - ADDED ENTRY ELEMENTS (KOHA) | |
| Suppress in OPAC | 0 |
| Withdrawn status | Lost status | Source of classification or shelving scheme | Damaged status | Not for loan | Home library | Current library | Shelving location | Date acquired | Cost, normal purchase price | Total Checkouts | Full call number | Barcode | Date last seen | Copy number | Cost, replacement price | Price effective from | Koha item type |
|---|---|---|---|---|---|---|---|---|---|---|---|---|---|---|---|---|---|
| Dewey Decimal Classification | London | London | Books | 02/01/2002 | 15.29 | 614.7026 WRI | 30065087 | 06/08/2019 | 1 | 15.29 | 06/08/2019 | Book |